Complete Self Assessment for Medical finals (Record no. 1111)

MARC details
000 -LEADER
fixed length control field 01027cam a22003257a 4500
001 - CONTROL NUMBER
control field 15103876
003 - CONTROL NUMBER IDENTIFIER
control field OSt
005 - DATE AND TIME OF LATEST TRANSACTION
control field 20231026123120.0
008 - FIXED-LENGTH DATA ELEMENTS--GENERAL INFORMATION
fixed length control field 071205s2007 enka 000 0 eng
010 ## - LIBRARY OF CONGRESS CONTROL NUMBER
LC control number 2007300056
015 ## - NATIONAL BIBLIOGRAPHY NUMBER
National bibliography number GBA691938
Source bnb
016 7# - NATIONAL BIBLIOGRAPHIC AGENCY CONTROL NUMBER
Record control number 013589722
Source Uk
020 ## - INTERNATIONAL STANDARD BOOK NUMBER
International Standard Book Number 9780340889442 (pbk.)
035 ## - SYSTEM CONTROL NUMBER
System control number (OCoLC)ocm74966816
040 ## - CATALOGING SOURCE
Original cataloging agency UKM
Transcribing agency UKM
Modifying agency BAKER
-- BTCTA
-- YDXCP
-- DLC
042 ## - AUTHENTICATION CODE
Authentication code lccopycat
050 00 - LIBRARY OF CONGRESS CALL NUMBER
Classification number R845
Item number .P38 2007
082 04 - DEWEY DECIMAL CLASSIFICATION NUMBER
Classification number WB18 P274c 2007
Edition number 22
100 1# - MAIN ENTRY--PERSONAL NAME
Personal name Patel, Kinesh; Patel, Neil
9 (RLIN) 322
245 10 - TITLE STATEMENT
Title Complete Self Assessment for Medical finals
260 ## - PUBLICATION, DISTRIBUTION, ETC. (IMPRINT)
Place of publication, distribution, etc. London;
Name of publisher, distributor, etc. Hodder Arnold,
Date of publication, distribution, etc. 2007.
300 ## - PHYSICAL DESCRIPTION
Extent xi, 340 p. :
Other physical details ill. ;
Dimensions 24cm.
500 ## - GENERAL NOTE
General note Includes index.
650 #0 - SUBJECT ADDED ENTRY--TOPICAL TERM
Topical term or geographic name as entry element Medical MCQs
9 (RLIN) 3024
650 #0 - SUBJECT ADDED ENTRY--TOPICAL TERM
Topical term or geographic name as entry element Clinical assessment
9 (RLIN) 9491
856 41 - ELECTRONIC LOCATION AND ACCESS
Materials specified Table of contents
Uniform Resource Identifier http://www.loc.gov/catdir/toc/fy0803/2007300056.html
906 ## - LOCAL DATA ELEMENT F, LDF (RLIN)
a 7
b cbc
c copycat
d 2
e ncip
f 20
g y-gencatlg
942 ## - ADDED ENTRY ELEMENTS (KOHA)
Source of classification or shelving scheme Other/Generic Classification Scheme
Koha item type Short Loan
Holdings
Withdrawn status Lost status Source of classification or shelving scheme Damaged status Not for loan Home library Current library Date acquired Source of acquisition Inventory number Total Checkouts Full call number Barcode Date last seen Koha item type
    Other/Generic Classification Scheme     MUST Main Library MUST Main Library 26/02/2015 Donation 10/32545   WB18 P274c 2007 2015-0407 26/02/2015 Short Loan
    Other/Generic Classification Scheme     MUST Main Library MUST Main Library 26/02/2015 Donation 10/32628   WB18 P274c 2007 2015-0408 26/02/2015 Short Loan